Chiến tranh và hòa bình; T1
Guardat en:
| Autor principal: | |
|---|---|
| Format: | Llibre |
| Idioma: | Undetermined |
| Publicat: |
Hà Nội
Văn Học
1979
|
| Matèries: | |
| Etiquetes: |
Afegir etiqueta
Sense etiquetes, Sigues el primer a etiquetar aquest registre!
|
| Thư viện lưu trữ: | Trung tâm Học liệu Trường Đại học Cần Thơ |
|---|
| LEADER | 00562nam a2200169Ia 4500 | ||
|---|---|---|---|
| 001 | CTU_15867 | ||
| 008 | 210402s9999 xx 000 0 und d | ||
| 082 | |a 891.733 | ||
| 082 | |b T654/T1/1979 | ||
| 100 | |a Chiến tranh và hòa bình; T1 | ||
| 245 | 0 | |a Chiến tranh và hòa bình; T1 | |
| 245 | 0 | |c Chiến tranh và hòa bình; T1, Liev Tolstoy; Dịch giả: Hoàng Thiếu Sơn | |
| 260 | |a Hà Nội | ||
| 260 | |b Văn Học | ||
| 260 | |c 1979 | ||
| 650 | |a russian fiction | ||
| 980 | |a Trung tâm Học liệu Trường Đại học Cần Thơ | ||